Crónica de los festejos con que la Universidad de Granada ha celebrado el segundo centenario del fallecimiento de don Pedro Calderón de la Barca (Record no. 172927)

MARC details
000 -LEADER
campo de control de longitud fija 00952nam a22001815i 4500
001 - NÚMERO DE CONTROL
campo de control 172927
003 - IDENTIFICADOR DE NÚMERO DE CONTROL
campo de control ES-MaACL
005 - FECHA Y HORA DE LA ÚLTIMA TRANSACCIÓN
campo de control 20250511122604.0
008 - DATOS DE LONGITUD FIJA--INFORMACIÓN GENERAL
campo de control de longitud fija 090916s1881 sp |||| | spa d
245 00 - MENCIÓN DEL TÍTULO
Título Crónica de los festejos con que la Universidad de Granada ha celebrado el segundo centenario del fallecimiento de don Pedro Calderón de la Barca
Resto del título : discursos y poesías leidas en alabanza del egregio poeta en la solemne sesión literaria que tuvo lugar en el paraninfo de la universidad : letra de los himnos cantados en la velada literaria y artística que se dio en el teatro de Isabel la Católica a expensas de dicho centro científico.
260 ## - PUBLICACIÓN, DISTRIBUCIÓN, ETC.
Lugar de publicación, distribución, etc. Granada :
Nombre del editor, distribuidor, etc. [s.n.],
Fecha de publicación, distribución, etc. 1881 (
Fabricante Impr. de Ventura Sabatel)
300 ## - DESCRIPCIÓN FÍSICA
Extensión 145 p. ;
Dimensiones 25 cm.
600 14 - PUNTO DE ACCESO ADICIONAL DE MATERIA--NOMBRE DE PERSONA
Nombre de persona Calderón de la Barca, Pedro,
Fechas asociadas al nombre 1600-1681
9 (RLIN) 239594
710 2# - ENTRADA AGREGADA--NOMBRE DE ENTIDAD CORPORATIVA
Nombre de entidad corporativa o nombre de jurisdicción como elemento de entrada Universidad de Granada.
9 (RLIN) 7176
852 ## - LOCALIZACIÓN
Ubicación ES-MaACL
Número de control de estantería T-385-F-11
942 ## - ELEMENTOS DE ENTRADA SECUNDARIOS (KOHA)
Fuente del sistema de clasificación o colocación Clasificación decimal universal
Holdings
Estatus retirado Estado de pérdida Estado de daño No para préstamo Colección Biblioteca de origen Biblioteca actual Ubicación en estantería Fecha de adquisición Fuente de adquisición Total de préstamos Signatura topográfica completa Código de barras Visto por última vez Precio de reemplazo Tipo de ítem Koha
        Colección de folletos Biblioteca del Ateneo de Madrid Biblioteca del Ateneo de Madrid Depósito folletos 16/09/2009     T-385-F-11 1181455 23/02/2023 23/02/2023 Folleto